¿Hacia dónde va el país ? / (Registro nro. 3010)
[ vista simple ]
| 000 -CABECERA | |
|---|---|
| campo de control de longitud fija | 00865nam a2200265 u 4500 |
| 001 - NÚMERO DE CONTROL | |
| campo de control | 000003179 |
| 003 - IDENTIFICADOR DEL NÚMERO DE CONTROL | |
| campo de control | DO-SdBNP |
| 005 - FECHA Y HORA DE LA ÚLTIMA TRANSACCIÓN | |
| campo de control | 20250911131333.0 |
| 007 - CAMPO FIJO DE DESCRIPCIÓN FÍSICA--INFORMACIÓN GENERAL | |
| campo de control de longitud fija | ta |
| 008 - DATOS DE LONGITUD FIJA--INFORMACIÓN GENERAL | |
| campo de control de longitud fija | 090707s1985 dr r 001 0 spa d |
| 040 ## - FUENTE DE LA CATALOGACIÓN | |
| Centro catalogador/agencia de origen | DO-SdBNP |
| Lengua de catalogación | spa |
| Centro/agencia transcriptor | BNPHU |
| 082 4# - NÚMERO DE LA CLASIFICACIÓN DECIMAL DEWEY | |
| Número de clasificación | 338.97293 |
| Número de documento/Ítem | S489h |
| Número de edición | 22 |
| 100 #0 - ENTRADA PRINCIPAL--NOMBRE DE PERSONA | |
| Nombre de persona | Serulle Ramia, José, |
| Fechas asociadas al nombre | 1950- |
| 9 (RLIN) | 10045 |
| 245 10 - MENCIÓN DE TÍTULO | |
| Título | ¿Hacia dónde va el país ? / |
| Mención de responsabilidad, etc. | José Serulle Ramia, Jacqueline Boin |
| 260 ## - PUBLICACIÓN, DISTRIBUCIÓN, ETC. | |
| Lugar de publicación, distribución, etc. | Santo Domingo : |
| Nombre del editor, distribuidor, etc. | Gramil, |
| Fecha de publicación, distribución, etc. | 1985. |
| 300 ## - DESCRIPCIÓN FÍSICA | |
| Extensión | 193 p. ; |
| Dimensiones | 21 cm. |
| 500 ## - NOTA GENERAL | |
| Nota general | Incluye datos biográficos de los autores en la solapa del libro. |
| 500 ## - NOTA GENERAL | |
| Nota general | Incluye notas a pie de páginas. |
| 500 ## - NOTA GENERAL | |
| Nota general | Incluye índice de contenido. |
| 590 ## - NOTA LOCAL (RLIN) | |
| Nota local | Inventariado, 2022 / SA |
| 651 #4 - PUNTO DE ACCESO ADICIONAL DE MATERIA--NOMBRE GEOGRÁFICO | |
| Nombre geográfico | República Dominicana |
| Subdivisión general | Política Económica |
| 9 (RLIN) | 643 |
| 700 1# - PUNTO DE ACCESO ADICIONAL--NOMBRE DE PERSONA | |
| Nombre de persona | Boin, Jacqueline, |
| Fechas asociadas al nombre | 1950- |
| 9 (RLIN) | 10046 |
| 910 ## - DATOS DE OPCIÓN DEL USUARIO (OCLC) | |
| Datos de opción del usuario | Saquino |
| 942 ## - ELEMENTOS DE PUNTO DE ACCESO ADICIONAL (KOHA) | |
| Fuente del sistema de clasificación o colocación | Dewey Decimal Classification |
| Tipo de ítem Koha | Libro |
| Estado de retiro | Estado de pérdida | Fuente del sistema de clasificación o colocación | No para préstamo | Código de colección | Localización permanente | Ubicación/localización actual | Ubicación en estantería | Fecha de adquisición | Fuente de adquisición | Total de préstamos | Signatura topográfica completa | Código de barras | Fecha visto por última vez | Número de copia | Precio válido a partir de | Tipo de ítem Koha | Nota pública | Restricciones de uso |
|---|---|---|---|---|---|---|---|---|---|---|---|---|---|---|---|---|---|---|
| Dewey Decimal Classification | Préstamo en sala | Dominicana de Servicio | Biblioteca Nacional Pedro Henríquez Ureña | Biblioteca Nacional Pedro Henríquez Ureña | En catalogación | 06.10.2010 | Deposito Legal | BNPHU DS 338.97293 S489h | 3179-30 | 25.06.2020 | e. 3 | 25.06.2020 | Libro | S/A | ||||
| Dewey Decimal Classification | Préstamo en sala | Dominicana de Servicio | Biblioteca Nacional Pedro Henríquez Ureña | Biblioteca Nacional Pedro Henríquez Ureña | En catalogación | 29.11.2010 | Deposito Legal | BNPHU DS 338.97293 S489h | 3179-40 | 25.06.2020 | e. 4 | 25.06.2020 | Libro | S/A | ||||
| Dewey Decimal Classification | Patrimonio Dominicano | Biblioteca Nacional Pedro Henríquez Ureña | Biblioteca Nacional Pedro Henríquez Ureña | En encuadernación | 07.07.2009 | Deposito Legal | BNPHU PD 338.97293 S489h | 3179-10 | 25.06.2020 | 25.06.2020 | Libro | S/A | Préstamo restringido | |||||
| Dewey Decimal Classification | Patrimonio Dominicano | Biblioteca Nacional Pedro Henríquez Ureña | Biblioteca Nacional Pedro Henríquez Ureña | En catalogación | 29.09.2009 | Deposito Legal | BNPHU PD 338.97293 S489h | 3179-20 | 25.06.2020 | e. 2 | 25.06.2020 | Libro | S/A | Préstamo restringido |
